1843 1811 1195 1891 1846 1910 1508 1678 1438 1704 1254 1595 1564 1083 1172 1444 1663 1256 1554 1859 1034 1322 1407 1441 1471 1191 1775 1913 1356 1595 1707 1543 1293 1228 1947 1246 1856 1524 1568 1107 1109 1765 1086 1223 1673 1970 1856 1749 1312 1997 1063 1240 1811 1181 1729 1418 1589 1722 1861 1116 1762 1914 1599 1767 1640 1169 1005 1622 1174 1195 1093 1741 1798 1356 1407 1192 1558 1787 1768 1067 1316 1111 1646 1138 1537 1723 1948 1312 1927 1404 1140 1503 1702 1855 1844 1878 1158 1482 1722 BCNSPRNW ULIB Ver.6.0+V

เปลี่ยนเป็นภาษาไทย

Change to English
 แสดงรายละเอียดบรรณานุกรม
  กลับหน้าหลัก

Brief Record : Get Marc (ISO 2709) : E-mail record : QR code < ปิดหน้าต่าง
LEADER : 00000nam 2200000uu 4500
001    13399128027
003     ULIB
008    220110s2563||||th 000 0 tha d
020    ^a9786165680349
050  4 ^aHF1118^bค695
245 00 ^aคู่มือติวสอบ CU Best : ตะลุยโจทย์ (TESTS & TRICKS) /^cโดย CU Best Club
250    ^aพิมพ์ครั้งที่ 2
260    ^aกรุงเทพฯ :^bส.พิจิตรการพิมพ์,^c2563
300    ^a355 หน้า :^bภาพประกอบ ;^c25 ซม.
650  4 ^aข้อสอบและเฉลย
945    ^p360^l0^i29174
999    ^aกัณชพร จุลอักษร
รายการนี้ยังไม่มีแท็ก
คุณยังไม่ได้ล็อกอิน คุณสามารถมีกิจกรรมร่วมกับเว็บไซต์ได้ แต่ต้องล็อกอินก่อน ::
  ล็อกอิน

รายการสื่อสารสนเทศ

ลำดับที่ ประเภท เลขเรียก/บาร์โค้ด สถานที่ สถานะ
1. วิทยาศาสตร์การแพทย์ และสุขภาพ
วิทยาศาสตร์การแพทย์ และสุขภาพ
HF1118 ค695 ฉ.1 
  Barcode: 29174
ห้องสมุดวิทยาเขตนครสวรรค์
►หนังสือทั่วไป:l:General Books
บนชั้น

รายการใกล้เคียง
    หัวเรื่อง [ข้อสอบและเฉลย]

BibComment


ยังไม่เคยถูกคอมเมนท์

คอมเมนท์ทรัพยากรรายการนี้
  คอมเมนท์: คู่มือติวสอบ CU ..


 Copyright 2026. Bcnsprnw @Library